00563nam a22001697a 450000500170000001000190001702000260003603500180006203700090008008200110008924500660010025000060016626000370017227001330020930000230034270000280036520250805163242.0 aENG-146366-367 a9789361832765c350.00 aEN-129898-899 bDBAD a92121 aReader on Arun Sharma/cEdited and Compiled by Namrata Pathak a1 aNew DelhibSahitya Akademic2024 aRabindra Bhawan, 35 Ferozshah RoadbNew Delhie110001k011-23386626k011-23386627k011-23386628msecretary@sahitya-akaemi.gov.in a266p. ;c23cm(Hb)  aPathak, NamrataeEditor